[Event "Fossano Sociale op 2nd"]
[Site "Fossano"]
[Date "2016.10.17"]
[Round "6"]
[White "Garelli, Gianluca"]
[Black "Pantano, Andrea"]
[Result "1/2-1/2"]
[WhiteElo "1694"]
[BlackElo "1547"]
[PlyCount "66"]
[EventDate "2016.09.12"]
[EventType "swiss"]
[EventRounds "7"]
[EventCountry "ITA"]
[SourceTitle "EXT 2018"]
[Source "ChessBase"]
[SourceDate "2017.10.13"]
[SourceVersion "1"]
[SourceVersionDate "2017.10.13"]
[SourceQuality "1"]

1. d4 Nf6 2. Nf3 g6 3. e3 Bg7 4. Bd3 0-0 5. Nbd2 d6 6. c3 Bg4 7. h3 Bd7 8. 0-0 Nc6 9. e4 e5 10. d5 Ne7 11. c4 Nh5 12. Re1 f5 13. Nf1 fxe4 14. Bxe4 Nf4 15. Rb1 Qc8 16. Bxf4 Rxf4 17. Ng3 Nf5 18. Qd3 Nh4 19. Ng5 Kh8 20. b4 Bh6 21. Nf3 Nxf3+ 22. Bxf3 Qf8 23. Rb3 Rd4 24. Qb1 Rxc4 25. Ne4 Bf5 26. Qd1 Bxe4 27. Bxe4 Qf4 28. Qd3 Rf8 29. Rb2 Rc1 30. Qe2 Rf7 31. g3 Rxe1+ 32. Qxe1 Qc1 33. Qxc1 Bxc1 1/2-1/2